00613 2200169 4500245003000000020002200030250001100052100001700063650001600080005001900096260002800115041001400143084000800157300002700165500024200192336000900434 aLimitcTriani RetnohText a978-979-91-0678-0 aCet. 1 aTriani Retno aNovel Fiksi a20231010111450 aJakartabIce Cubec2014 aIndonesia a813 avi, 190 hlm. :c19 cm. a"aku akan menunggu kamu disini." Eizel tersenyum lembut, lalu bersenandung pelan, "Wherever you go whatever you do, I will be right here waiting for you, whatever it takes or how my heart breaks, I will be right here waiting for you...." atext